000 00738nam a2200289Ia 4500
005 20260324123754.0
008 008 260324s9999 xx 000 0 eng d
020 _a9780429244865
037 _aEBOOK
040 _aCRL
040 _beng
040 _cCRL
041 _2eng
041 _aeng
084 _qCRL
100 _aMA, CMC, William J. De Marco
_91171591
245 0 _aPerformance-Based Medicine
245 0 _bCreating the High Performance Network to Optimize Managed Care Relationships
260 _bTaylor and Francis
260 _c2011
365 _a
365 _b99.99
856 _uhttp://www.taylorfrancis.com/books/9780429244865
942 _cEBOOK
999 _c1765389
_d1765389